000
00287nam a2200133Ia 4500
100
_a
Dent/Jack/ Tony/Gaddis
942
_c
BK
654
_a
unix
245
_a
Guide to UNIX using LINUX
260
_b
Thomsan Learning
_c
2001
082
_a
5.133
_b
DEN
300
_a
552
546
_a
ENGLISH
999
_c
34526
_d
34526